Szczegóły MARC21

Ewolucja Ziemi /

003 -Nazwa inst., której nr kontr. jest w polu 001 [,]
    • @
    • Nazwa instytucji, której n kontrolny jest w polu 001
    • NUKAT
005 -DATA I CZAS OSTATNIEJ MODYFIKACJI [,]
    • @
    • pole kontrolne
    • 20241231103751.0
020 -Międzynarod. znormalizowany nr książki - ISBN [ , ]
    • a
    • Numer ISBN
    • 8386600373 Find
020 -Międzynarod. znormalizowany nr książki - ISBN [ , ]
    • a
    • Numer ISBN
    • 8386600500 Find
    • q
    • Dopowiedzenie
    • t. 3
040 -Instytucja sporządzająca opis [ , ]
    • a
    • Instytucja, która sporządziła opis (NP)
    • LUBL M/JD
    • c
    • Instytucja, która sporządziła rekord (NP)
    • LUBL M/JD
    • d
    • Instytucja, która zmodyfikowała rekord (P)
    • LUBL M/JDs
    • d
    • Instytucja, która zmodyfikowała rekord (P)
    • LUBL M/IK
    • d
    • Instytucja, która zmodyfikowała rekord (P)
    • Ł U/RRs
    • d
    • Instytucja, która zmodyfikowała rekord (P)
    • KR 93/MPs
    • d
    • Instytucja, która zmodyfikowała rekord (P)
    • KR 93/KKs
942 -Rodzaj dokumentu [ , ]
    • c
    • Rodzaj dokumentu
    • Książka
100 -Hasło główne - nazwa osobowa [1, ]
    • a
    • Nazwa osobowa (NP)
    • Borówka, Ryszard Krzysztof
    • d
    • Daty biograficzne (NP)
    • (1949- ).
    • 9
    • KHW
    • 19492
245 -Strefa tytułu i oznaczenia odpowiedzialności [1,0]
    • a
    • Tytuł
    • Ewolucja Ziemi / Find
    • c
    • Pozostałe elementy strefy tytułu i oznaczenia odpowiedzialności (NP)
    • Ryszard Krzysztof Borówka.
260 -Strefa adresu wydawniczego [ , ]
    • a
    • Miejsce wydania (P)
    • Poznań :
    • b
    • Nazwa wydawcy (P)
    • Wydawnictwo Kurpisz,
    • c
    • Data wydania (P)
    • 1996.
300 -Strefa opisu fizycznego [ , ]
    • a
    • Określenie formy książki i/lub objętość (NP)
    • VI, 359, [2] s. :
    • b
    • Oznaczenie ilustracji (NP)
    • il. ;
    • c
    • Format (NP)
    • 30 cm.
336 -Typ zawartości [ , ]
    • a
    • Termin opisujący typ zawartości
    • Tekst
    • b
    • Kod określający zawartość
    • txt
    • 2
    • Źródło (terminu i kodu)
    • rdacontent
337 -Typ mediów [ , ]
    • a
    • Tryb odtwarzania
    • Bez urządzenia pośredniczącego
    • b
    • Kod typu mediów
    • n
    • 2
    • Źródło (terminu i kodu)
    • rdamedia
338 -Typ/rodzaj nośnika [ , ]
    • a
    • Hasło opisujące typ nośnika
    • Wolumin
    • b
    • Kod typu nośnika
    • nc
    • 2
    • Źródło (terminu i kodu)
    • rdacarrier
490 -Strefa serii i książki wielotomowej - forma nie do wyszukiwania [1, ]
    • a
    • Tytuł (P)
    • Wielka encyklopedia geografii świata ; Find
    • v
    • Numeracja (P)
    • t. 3
830 -Hasło dodatkowe serii i opisu książki wielotomowej - tytuł ujednolicony/tytuł [ ,0]
    • a
    • Tytuł ujednolicony/tytuł (NP)
    • Wielka encyklopedia geografii świata
    • v
    • Oznaczenie tomu (NP)
    • t. 3
504 -Uwaga dot. bibliogr. załącznikowej [ , ]
    • a
    • Uwaga dot. bibliografii załącznikowej
    • Bibliogr. s. 350-351. Indeks.
080 -Uniwersalna Klasyfikacja Dziesiętna [ , ]
    • a
    • Symbol klasyfikacji
    • 911/912(100)(02.025.2)
080 -Uniwersalna Klasyfikacja Dziesiętna [ , ]
    • a
    • Symbol klasyfikacji
    • +523.31(02.025.2)
650 -Hasło przedmiotowe [ ,7]
    • a
    • Hasło przedmiotowe
    • Geografia.
    • 2
    • Źródło terminu
    • kaba
    • 9
    • KHW
    • 109866
651 -Hasło przedmiotowe w formie nazwy geograficznej [ ,7]
    • a
    • Nazwa geograficzna
    • Ziemia (planeta).
    • 2
    • Źródło terminu
    • kaba
    • 9
    • KHW
    • 137804
651 -Hasło przedmiotowe w formie nazwy geograficznej [ ,7]
    • a
    • Nazwa geograficzna
    • Ziemia (planeta)
    • x
    • Określnik rzeczowy
    • pochodzenie.
    • 2
    • Źródło terminu
    • kaba
    • 9
    • KHW
    • 137798
980 -Symbol UKD [ , ]
    • a
    • UKD
    • 911/912(100)(02.025.2)+523.31(02.025.2)
920 -ISBN [ , ]
    • a
    • ISBN
    • 83-86600-37-3 Find
920 -ISBN [ , ]
    • a
    • ISBN
    • 83-86600-50-0 Find
    • q
    • Dopowiedzenie
    • t. 3
Status udost. Sygnatura Numer inwentarzowy Data inwentaryzacji Lokalizacja
1BL.6376Bl.101892003-10-24BG
1BL.6376Bl.63781998-09-22BG